Países más cercanos a Papúa Nueva Guinea - Estadísticas

Estadísticas generales
  • Esta prueba ha sido intentada 59 veces
  • La puntuación promedio es 18 de 20
Estadísticas de respuestas
km país % Correcto
0 Indonesia
100%
4 Australia
96%
2226 Tuvalu
96%
3472 Nueva Zelanda
94%
5 Islas Salomón
93%
1485 Vanuatu
93%
1875 Islas Marshall
91%
2565 Malasia
91%
514 Micronesia
91%
3578 Samoa
91%
2518 Fiyi
89%
1392 Nauru
89%
1636 Kiribati
87%
1263 Palaos
87%
3249 Tonga
87%
3454 Taiwán
85%
1506 Timor-Leste
85%
1953 Filipinas
83%
3469 Japón
80%
2950 Brunéi
78%
No se encontraron pruebas coincidentes
Distribución de puntuación
Porcentaje de gente con cada puntuación
Porcentaje por número respondido
Historial de tus puntuaciones
No has intentado esta prueba.